<?xml version="1.0" encoding="UTF-8"?>
<collection xmlns:xsi="http://www.w3.org/2001/XMLSchema-instance" xsi:schemaLocation="http://www.loc.gov/MARC21/slim http://www.loc.gov/standards/marcxml/schema/MARC21slim.xsd" xmlns="http://www.loc.gov/MARC21/slim">
 <record>
  <leader>00000nam a22000004a 4500</leader>
  <controlfield tag="001">UP-1686042739785069462</controlfield>
  <controlfield tag="003">Buklod</controlfield>
  <controlfield tag="005">20241217101524.0</controlfield>
  <controlfield tag="006">m    |o  d |      </controlfield>
  <controlfield tag="007">ta</controlfield>
  <controlfield tag="008">240610s2015    sp    a r   c 000 u|eng d</controlfield>
  <datafield tag="020" ind1=" " ind2=" ">
   <subfield code="a">9788415272465</subfield>
  </datafield>
  <datafield tag="040" ind1=" " ind2=" ">
   <subfield code="a">OCLC</subfield>
   <subfield code="d">DCFA</subfield>
   <subfield code="e">rda</subfield>
  </datafield>
  <datafield tag="041" ind1=" " ind2=" ">
   <subfield code="a">mul</subfield>
  </datafield>
  <datafield tag="090" ind1="0" ind2="0">
   <subfield code="a">TX 740.5</subfield>
   <subfield code="b">C37 2015</subfield>
  </datafield>
  <datafield tag="100" ind1="0" ind2=" ">
   <subfield code="a">Capella, Juli</subfield>
   <subfield code="e">curator</subfield>
  </datafield>
  <datafield tag="245" ind1="1" ind2="0">
   <subfield code="a">Tapas</subfield>
   <subfield code="b">Spanish design for food</subfield>
   <subfield code="c">Juli Capella, curator.</subfield>
  </datafield>
  <datafield tag="264" ind1=" " ind2="1">
   <subfield code="a">[Madrid]</subfield>
   <subfield code="b">Accion Cultural Española (AC/E)</subfield>
   <subfield code="c">©2015</subfield>
  </datafield>
  <datafield tag="300" ind1=" " ind2=" ">
   <subfield code="a">215 pages</subfield>
   <subfield code="b">color illustrations</subfield>
   <subfield code="c">31 cm</subfield>
  </datafield>
  <datafield tag="336" ind1=" " ind2=" ">
   <subfield code="a">text</subfield>
   <subfield code="2">rdacontent</subfield>
  </datafield>
  <datafield tag="337" ind1=" " ind2=" ">
   <subfield code="a">unmediated</subfield>
   <subfield code="2">rdamedia</subfield>
  </datafield>
  <datafield tag="338" ind1=" " ind2=" ">
   <subfield code="a">volume</subfield>
   <subfield code="2">rdacarrier</subfield>
  </datafield>
  <datafield tag="500" ind1=" " ind2=" ">
   <subfield code="a">Text in Spanish and English</subfield>
  </datafield>
  <datafield tag="520" ind1=" " ind2=" ">
   <subfield code="a">The aim of this book is to show the most recent Spanish creativity in the field of design as applied to fine eating. It is not about food as such, but about the material culture that makes eating possible, that is to say, about the designs that assist and exalt the act of eating. It is called TAPAS in reference to the Spanish custom of the tapa, a little snack of which there are may varieties. And that is how the book is organized too, like a menu with a lot of varied morsels reflecting the topics covered where design plays a relevant role, including the utensils used for cooking, tableware and complementary items and the design of the food itself. Also included is a sample of the graphic design applied to wine labels. A veritable display of imagination that is revolutionizing conventional wine-labeling. The book also traces innovative interior design and decoration as applied to restaurants as well as providing and architectural viewpoint through the wineries that have been built for large Spanish wine producers by prestigious architects. Finally, there is a brief article by two outstanding and internationally renowned creative spirits, Antoni Miralda, artist and pioneering performer in the nexus between art and food, and Marti Guixe, former designer and pioneer of food design.</subfield>
  </datafield>
  <datafield tag="610" ind1="2" ind2="0">
   <subfield code="a">Accion Cultural Española (AC/E)</subfield>
  </datafield>
  <datafield tag="650" ind1=" " ind2="0">
   <subfield code="a">Cookery and art Exhibitions.</subfield>
  </datafield>
  <datafield tag="650" ind1=" " ind2="0">
   <subfield code="a">Food Spain exhibitions.</subfield>
  </datafield>
  <datafield tag="650" ind1=" " ind2="0">
   <subfield code="a">Implements, utensils, etc.</subfield>
   <subfield code="x">Design exhibitions.</subfield>
  </datafield>
  <datafield tag="650" ind1=" " ind2="0">
   <subfield code="a">Food presentation.</subfield>
  </datafield>
  <datafield tag="905" ind1=" " ind2=" ">
   <subfield code="a">FO</subfield>
  </datafield>
  <datafield tag="852" ind1="0" ind2=" ">
   <subfield code="a">UPD</subfield>
   <subfield code="b">DCFA</subfield>
   <subfield code="h">TX 740.5</subfield>
   <subfield code="i">C37 2015</subfield>
  </datafield>
  <datafield tag="942" ind1=" " ind2=" ">
   <subfield code="a">Book</subfield>
  </datafield>
 </record>
</collection>
